The beginnings of Rome : (Record no. 140)

MARC details
000 -LEADER
fixed length control field 00887pam a2200277 x 4500
001 - CONTROL NUMBER
control field 2380199
008 - FIXED-LENGTH DATA ELEMENTS--GENERAL INFORMATION
fixed length control field 960214s1995 enkab 00110 eng b
010 ## - LIBRARY OF CONGRESS CONTROL NUMBER
LC control number 94043757
015 ## - NATIONAL BIBLIOGRAPHY NUMBER
National bibliography number b9590003
020 ## - INTERNATIONAL STANDARD BOOK NUMBER
International Standard Book Number 0415015952
020 10 - INTERNATIONAL STANDARD BOOK NUMBER
International Standard Book Number 0415015952
Terms of availability m
020 10 - INTERNATIONAL STANDARD BOOK NUMBER
International Standard Book Number 0415015960
Terms of availability v
-- pbk
-- £15.99
082 00 - DEWEY DECIMAL CLASSIFICATION NUMBER
Classification number 937.01
Edition information 20
100 10 - MAIN ENTRY--PERSONAL NAME
Personal name Cornell, Tim.
9 (RLIN) 168
245 14 - TITLE STATEMENT
Title The beginnings of Rome :
Remainder of title Italy and Rome from the Bronze Age to the Punic Wars (c. 1000-264 BC) /
Statement of responsibility, etc. T.J. Cornell.
260 ## - PUBLICATION, DISTRIBUTION, ETC.
Place of publication, distribution, etc. London :
Name of publisher, distributor, etc. Routledge,
Date of publication, distribution, etc. 1995.
300 ## - PHYSICAL DESCRIPTION
Extent xx,507p
Other physical details ill
Dimensions 24cm
Accompanying material cased
350 00 - PRICE (NR) (BK AM CF MU VM SE) [OBSOLETE]
Price No price : Formerly CIP
490 00 - SERIES STATEMENT
Series statement Routledge history of the ancient world
504 00 - BIBLIOGRAPHY, ETC. NOTE
Bibliography, etc. note Bibliography: p472-491. - Includes index
651 #0 - SUBJECT ADDED ENTRY--GEOGRAPHIC NAME
Geographic name Rome
General subdivision History
Chronological subdivision Kings, 753-510 B.C.
9 (RLIN) 169
942 ## - ADDED ENTRY ELEMENTS (KOHA)
Source of classification or shelving scheme Dewey Decimal Classification
Koha item type Books
956 ## - LOCAL ELECTRONIC LOCATION AND ACCESS (OCLC)
Host name NLS
Holdings
Withdrawn status Lost status Damaged status Not for loan Collection Home library Current library Shelving location Date acquired Barcode Date last seen Price effective from Koha item type
        Reference Fairview Fairview General stacks 09/04/2014 39999000005837 09/04/2014 09/04/2014 Books
        Reference Midway Midway General stacks 09/04/2014 39999000005813 09/04/2014 09/04/2014 Books